000 00431nam a2200169Ia 4500
008 230524s9999 xx 000 0 und d
082 _a621.382
_bSRI
100 _aGanesh Prasad Srivastava
245 0 _aMicrowave Devices and Circuit Design
250 _a1ST
260 _aNEW DELHI
_bPHI
_c2006
300 _aVIII;470
500 _aQuantity Number: 3
650 _aElectronics
700 _a Vijay Laxmi Gupta
942 _cBK
999 _c36756
_d36756